| 000 | 00883nam0a22002651 4500 | ||
|---|---|---|---|
| 001 | rc\92067 | ||
| 005 | 20250620175804.0 | ||
| 010 |
_a5-7140-0306-3 _930000 |
||
| 035 | _a(NLR Aleph) 005357991 | ||
| 090 |
_a6867632 _c6867632 |
||
| 100 | _a20021216d1991 |||y0rusy50 ca | ||
| 101 | 0 | _arus | |
| 102 | _aRU | ||
| 105 | _aa ||||||||| | ||
| 200 | 1 |
_aОтзвуки былого _eРазмышления и воспоминания _e[Пер. с нем. _fКоммент. С.В. Грохотова] |
|
| 210 |
_aМ. _cМузыка _d1991 |
||
| 215 |
_a285, [1] с., [8] л. ил. _d22 |
||
| 225 | 1 | _aЗвезды музыкального мира | |
| 320 | _aАннот. имен. указ.: с. 261-285 | ||
| 700 | 1 |
_aФишер-Дискау _bД. _f1925- _gДитрих |
|
| 801 | 0 |
_aRU _bNLR _gpsbo |
|
| 801 | 1 |
_aRU _bELAR _2rusmarc |
|
| 852 |
_aNLR _j91-5/5543 |
||
| 942 | _cBOOK | ||
| 980 | _aNB | ||